Preliminary study on heterobeltiosis for yield and yield components of 10 mungbean F1 crosses

Đã lưu trong:
书目详细资料
主要作者: AVRDC
格式: 图书
语言:Undetermined
出版: Taiwan AVRDC 1980
主题:
标签: 添加标签
没有标签, 成为第一个标记此记录!
Thư viện lưu trữ: Trung tâm Học liệu Trường Đại học Cần Thơ
LEADER 00578nam a2200181Ia 4500
001 CTU_13383
008 210402s9999 xx 000 0 und d
082 |a 635.6 
082 |b A832 
100 |a AVRDC 
245 0 |a Preliminary study on heterobeltiosis for yield and yield components of 10 mungbean F1 crosses 
245 0 |c AVRDC 
260 |a Taiwan 
260 |b AVRDC 
260 |c 1980 
650 |a cabbage,cucumbers,horticulture - asian,mungbean,soybean,tobacco 
904 |i Nguyễn Quang Điền, 961127 
980 |a Trung tâm Học liệu Trường Đại học Cần Thơ